| 000 | 01505nam a2200229Ia 4500 | ||
|---|---|---|---|
| 999 |
_c56375 _d56375 |
||
| 001 | 23488 | ||
| 003 | GE_BSU | ||
| 005 | 20260206150517.0 | ||
| 008 | 181216s1987||||ge |||||||||||||| ||geo|| | ||
| 040 | _cGE_BSU | ||
| 041 | _ageo | ||
| 080 | _a94(479.22)(093უცხ.)+930.2(4) ტ-13 | ||
| 100 |
_aტაბაღუა, ილია _926811 |
||
| 245 |
_a საქართველო ევროპის არქივებსა და წიგნსაცავებში. წ. 3, (XIII-XX სს-ის პირველი მეოთხედი) : _b(1628-1633 წწ.) / _cილია ტაბაღუა ; რედ. გ. ბუაჩიძე ; საქ. სსრ მეცნ. აკად., ი. ჯავახიშვილის სახ. ისტ., არქეოლ. და ეთნოგრ. ინ-ტი. |
||
| 264 |
_aთბილისი : _bმეცნიერება, _c1987. |
||
| 300 |
_a332 გვ.; _c20 სმ. |
||
| 653 | _aსაქართველო ევროპის არქივებსა და წიგნსაცავებში. წ. 3, (XIII-XX სს-ის პირველი მეოთხედი) : (1628-1633 წწ. | ||
| 653 | _aსაქართველოს ისტორია | ||
| 653 | _aსაქართველოს ისტორიის უცხოური წყაროები | ||
| 700 |
_aბუაჩიძე, გ. _eრედაქტორი _916076 |
||
| 942 |
_cBK _2udc |
||